[Event "Belgrade-ch"]
[Site "Belgrade"]
[Date "2012.01.23"]
[Round "2"]
[White "Radlovacki, Jovan"]
[Black "Brujic, Bozidar"]
[Result "1/2-1/2"]
[WhiteElo "2421"]
[BlackElo "2172"]
[PlyCount "119"]
[EventDate "2012.01.22"]
[EventType "swiss"]
[EventRounds "9"]
[EventCountry "SRB"]
[SourceTitle "CBM 146 Extra"]
[Source "ChessBase"]
[SourceDate "2012.02.29"]
[SourceVersion "1"]
[SourceVersionDate "2012.02.29"]
[SourceQuality "1"]

1. e4 e5 2. Nf3 Nc6 3. Bb5 a6 4. Ba4 Nf6 5. d3 b5 6. Bb3 Bc5 7. Bg5 h6 8. Bh4 g5 9. Bg3 d6 10. c3 Bg4 11. Nbd2 Ne7 12. Qc2 a5 13. a4 c6 14. Ba2 Qd7 15. Bxe5 dxe5 16. Nxe5 Qc7 17. d4 Bh5 18. axb5 Bd6 19. Nec4 Bg6 20. h4 gxh4 21. b6 Qb8 22. Rxh4 Bg3 23. Rh3 Bf4 24. Bb1 Kf8 25. Qb3 Kg7 26. e5 Nfd5 27. Bxg6 fxg6 28. Ne4 a4 29. Qa3 Nc8 30. g3 Ncxb6 31. Nxb6 Qxb6 32. gxf4 Rhf8 33. 0-0-0 Nxf4 34. Re3 Nd5 35. Re2 Ra7 36. Nc5 Rf3 37. Rd3 Rxd3 38. Nxd3 Qb5 39. Kc2 Rb7 40. Rd2 Rf7 41. e6 Rf6 42. Nc5 h5 43. Nd7 Qb3+ 44. Qxb3 axb3+ 45. Kxb3 Rxe6 46. c4 Nf4 47. Nc5 Re2 48. Rd1 h4 49. d5 Re5 50. Nd3 Nxd3 51. Rxd3 cxd5 52. cxd5 Kf7 53. Kc4 Rh5 54. Rh3 g5 55. f3 Ke7 56. Kc5 Kd7 57. b4 Rh8 58. f4 g4 59. Ra3 Rc8+ 60. Kd4 1/2-1/2

[Event "Vojvodina-ch 2nd"]
[Site "Novi Sad"]
[Date "2011.07.30"]
[Round "9"]
[White "Brujic, Bozidar"]
[Black "Skrivanko, Tomislav"]
[Result "1-0"]
[WhiteElo "2188"]
[BlackElo "1918"]
[PlyCount "55"]
[EventDate "2011.07.24"]
[EventType "swiss"]
[EventRounds "9"]
[EventCountry "SRB"]
[SourceTitle "CBM 143 Extra"]
[Source "ChessBase"]
[SourceDate "2011.08.29"]
[SourceVersion "1"]
[SourceVersionDate "2011.08.29"]
[SourceQuality "1"]

1. e4 c5 2. Nf3 d6 3. d4 cxd4 4. Nxd4 Nf6 5. Nc3 a6 6. g3 Qc7 7. Bg2 b5 8. e5 Bb7 9. exd6 exd6 10. 0-0 Bxg2 11. Re1+ Be7 12. Nf5 Kf8 13. Rxe7 Qc6 14. Qe2 Bd5 15. Bf4 Nbd7 16. Bxd6 Kg8 17. Re5 Qxd6 18. Nxd6 Nxe5 19. Nxd5 Nxd5 20. Qxe5 Nf6 21. Nf5 h5 22. Ne7+ Kh7 23. Qf5+ Kh6 24. h4 Rhe8 25. Qg5+ Kh7 26. Nf5 Rg8 27. Re1 Ra7 28. Re8 1-0

[Event "Belgrade Trophy 23rd"]
[Site "Obrenovac"]
[Date "2010.11.28"]
[Round "5"]
[White "Brujic, Bozidar"]
[Black "Stanimirovic, Milos"]
[Result "1-0"]
[WhiteElo "2188"]
[BlackElo "1946"]
[PlyCount "75"]
[EventDate "2010.11.24"]
[EventType "swiss"]
[EventRounds "9"]
[EventCountry "YUG"]
[SourceTitle "CBM 139 Extra"]
[Source "ChessBase"]
[SourceDate "2011.01.05"]
[SourceVersion "1"]
[SourceVersionDate "2011.01.05"]
[SourceQuality "1"]

1. e4 c5 2. Nf3 d6 3. d4 cxd4 4. Nxd4 Nf6 5. f3 a6 6. c4 g6 7. Nc3 Bg7 8. Be3 0-0 9. Be2 Nc6 10. 0-0 Nxd4 11. Bxd4 Be6 12. b3 Nd7 13. f4 Bxd4+ 14. Qxd4 Qb6 15. Rad1 Qxd4+ 16. Rxd4 f5 17. exf5 Bxf5 18. Nd5 Rf7 19. g4 e5 20. fxe5 dxe5 21. Rd2 Be4 22. Nc7 Rd8 23. Ne6 Rxf1+ 24. Bxf1 Re8 25. Rxd7 Rxe6 26. Bg2 Bxg2 27. Kxg2 b6 28. Kf3 Rf6+ 29. Ke3 Rc6 30. Ke4 b5 31. Kd5 Rc8 32. c5 h5 33. gxh5 gxh5 34. c6 Kf8 35. c7 Ke8 36. Kd6 e4 37. Re7+ Kf8 38. Rxe4 1-0

[Event "Belgrade Trophy 23rd"]
[Site "Obrenovac"]
[Date "2010.11.25"]
[Round "2"]
[White "Lajthajm, Borko"]
[Black "Brujic, Bozidar"]
[Result "1-0"]
[WhiteElo "2479"]
[BlackElo "2188"]
[PlyCount "55"]
[EventDate "2010.11.24"]
[EventType "swiss"]
[EventRounds "9"]
[EventCountry "YUG"]
[SourceTitle "CBM 139 Extra"]
[Source "ChessBase"]
[SourceDate "2011.01.05"]
[SourceVersion "1"]
[SourceVersionDate "2011.01.05"]
[SourceQuality "1"]

1. d4 d5 2. Nf3 c6 3. c4 e6 4. Qc2 f5 5. Bf4 Bd6 6. Bxd6 Qxd6 7. e3 Nf6 8. Bd3 g6 9. cxd5 exd5 10. Ne5 Nbd7 11. f4 Ne4 12. Bxe4 fxe4 13. Nc3 Nf6 14. h3 Ng8 15. Qb3 Qf6 16. 0-0-0 Ne7 17. g4 b6 18. Qa3 Bb7 19. Rd2 Nc8 20. Nxd5 Qd8 21. Nc3 Nd6 22. d5 c5 23. Nxe4 0-0 24. Nxd6 Qxd6 25. g5 b5 26. b3 a5 27. Ng4 a4 28. Nh6+ 1-0

[Event "SRB-chT quality"]
[Site "Belgrade"]
[Date "2010.10.31"]
[Round "11"]
[White "Ilijc, Milan"]
[Black "Brujic, Bozidar"]
[Result "0-1"]
[WhiteElo "2200"]
[BlackElo "2188"]
[PlyCount "93"]
[EventDate "2010.10.09"]
[EventType "team-tourn"]
[EventRounds "11"]
[EventCountry "YUG"]
[SourceTitle "EXT 2011"]
[Source "ChessBase"]
[SourceDate "2010.11.26"]
[SourceVersion "1"]
[SourceVersionDate "2010.11.26"]
[SourceQuality "1"]

1. c4 e6 2. g3 d5 3. Bg2 c6 4. Nf3 Bd6 5. b3 f6 6. Nc3 Ne7 7. 0-0 0-0 8. e4 dxc4 9. bxc4 e5 10. d4 exd4 11. Nxd4 Na6 12. Be3 Re8 13. Qh5 Bb4 14. Nce2 Ng6 15. Rfd1 Qe7 16. Nf5 Qf8 17. Rac1 Be6 18. Ned4 Bf7 19. Qg4 Kh8 20. h4 Ne5 21. Qe2 Qg8 22. Bf1 Rad8 23. Qb2 Qf8 24. Qb1 Bh5 25. f3 Nxf3+ 26. Nxf3 Rxd1 27. Rxd1 Bxf3 28. Bg2 Bxd1 29. Qxd1 Rd8 30. Qb3 g6 31. Nd4 Qd6 32. Kh2 Be1 33. Bg1 Nc5 34. Qe3 Ba5 35. h5 Kg7 36. Nf3 Bb6 37. e5 fxe5 38. h6+ Kg8 39. Ng5 Ne6 40. c5 Bxc5 41. Qb3 Bxg1+ 42. Kh1 Bb6 43. Kh2 Re8 44. Bh3 Qd2+ 45. Kh1 Qe1+ 46. Kh2 Bg1+ 47. Kh1 0-1

[Event "SRB-chT quality"]
[Site "Belgrade"]
[Date "2010.10.30"]
[Round "10"]
[White "Josipovic, Dragan"]
[Black "Brujic, Bozidar"]
[Result "1-0"]
[WhiteElo "2148"]
[BlackElo "2188"]
[PlyCount "145"]
[EventDate "2010.10.09"]
[EventType "team-tourn"]
[EventRounds "11"]
[EventCountry "YUG"]
[SourceTitle "EXT 2011"]
[Source "ChessBase"]
[SourceDate "2010.11.26"]
[SourceVersion "1"]
[SourceVersionDate "2010.11.26"]
[SourceQuality "1"]

1. e4 e5 2. Nf3 Nc6 3. Bc4 Nf6 4. d3 Bc5 5. Nc3 d6 6. Bg5 h6 7. Bh4 g5 8. Bg3 Bg4 9. h4 Nh5 10. hxg5 hxg5 11. Nd5 Kd7 12. Rf1 a6 13. c3 b5 14. Bb3 Kc8 15. Qd2 Bxf3 16. gxf3 f6 17. a3 Kb7 18. 0-0-0 a5 19. d4 exd4 20. Qd3 Bb6 21. Qxb5 Na7 22. Qc4 Nxg3 23. fxg3 dxc3 24. Qxc3 Nb5 25. Qc4 c6 26. Nxb6 Qxb6 27. a4 Rac8 28. Kb1 d5 29. exd5 Nd6 30. dxc6+ Rxc6 31. Qd3 Ka7 32. Bd5 Rc5 33. Rfe1 Rc7 34. Re6 Rb8 35. b3 Qc5 36. Rxf6 Rb6 37. Rf8 Nc8 38. Re8 Rb4 39. Qe3 Qxe3 40. Rxe3 Ne7 41. Be6 Nc6 42. Rd7 Kb6 43. Rxc7 Kxc7 44. Bc4 Rb8 45. Kb2 Rf8 46. Kc3 Kd6 47. Rd3+ Kc7 48. Re3 Kd6 49. Kd2 Nd4 50. Be2 Rb8 51. Bd1 Nf5 52. Rd3+ Ke5 53. f4+ gxf4 54. gxf4+ Kxf4 55. Rd5 Ra8 56. Bc2 Ne7 57. Rc5 Ra7 58. Kc3 Ke3 59. Kc4 Kd2 60. Kb5 Ra8 61. Kb6 Rc8 62. Be4 Rxc5 63. Kxc5 Kc3 64. Kb5 Kxb3 65. Kxa5 Nc8 66. Bd5+ Ka3 67. Bc6 Nd6 68. Bd5 Nc8 69. Bc6 Nd6 70. Bb5 Nc8 71. Bd7 Nd6 72. Bc6 Kb3 73. Bd5+ 1-0

[Event "SRB-chT quality"]
[Site "Belgrade"]
[Date "2010.10.28"]
[Round "8"]
[White "Pantic, Ivica"]
[Black "Brujic, Bozidar"]
[Result "0-1"]
[WhiteElo "2275"]
[BlackElo "2188"]
[PlyCount "108"]
[EventDate "2010.10.09"]
[EventType "team-tourn"]
[EventRounds "11"]
[EventCountry "YUG"]
[SourceTitle "EXT 2011"]
[Source "ChessBase"]
[SourceDate "2010.11.26"]
[SourceVersion "1"]
[SourceVersionDate "2010.11.26"]
[SourceQuality "1"]

1. e4 e5 2. Nf3 Nc6 3. Bb5 a6 4. Bxc6 dxc6 5. 0-0 f6 6. d4 exd4 7. Nxd4 c5 8. Nb3 Qxd1 9. Rxd1 Bd6 10. Na5 b6 11. Nc4 Be7 12. Bf4 Be6 13. Ne3 c6 14. Nd2 g5 15. Bg3 b5 16. Nb3 Nh6 17. Bd6 c4 18. Nc5 Kf7 19. Rd2 Bd8 20. Bg3 Be7 21. Nb7 Ra7 22. Nd6+ Kg6 23. Rad1 Nf7 24. Nxf7 Kxf7 25. Bd6 Rd7 26. Bxe7 Rxd2 27. Rxd2 Kxe7 28. c3 a5 29. f3 Rb8 30. Kf2 b4 31. Nf5+ Bxf5 32. exf5 a4 33. cxb4 Rxb4 34. Ke3 c5 35. Kf2 a3 36. bxa3 Ra4 37. Re2+ Kd6 38. Re3 Kd5 39. Ke2 Kd4 40. Kd2 Ra7 41. h3 h5 42. g4 hxg4 43. hxg4 Rh7 44. Re4+ Kd5 45. Re2 Rh3 46. Ke3 c3 47. Kd3 Rxf3+ 48. Kc2 Rg3 49. Re6 Kd4 50. a4 Rg2+ 51. Kb3 Rb2+ 52. Ka3 Rb8 53. a5 c2 54. Re1 Rb1 0-1

[Event "SRB-chT quality"]
[Site "Belgrade"]
[Date "2010.10.17"]
[Round "4"]
[White "Popovic, Predrag V"]
[Black "Brujic, Bozidar"]
[Result "1-0"]
[WhiteElo "2156"]
[BlackElo "2188"]
[PlyCount "51"]
[EventDate "2010.10.09"]
[EventType "team-tourn"]
[EventRounds "11"]
[EventCountry "YUG"]
[SourceTitle "EXT 2011"]
[Source "ChessBase"]
[SourceDate "2010.11.26"]
[SourceVersion "1"]
[SourceVersionDate "2010.11.26"]
[SourceQuality "1"]

1. d4 f5 2. c4 Nf6 3. Nc3 e6 4. g3 Be7 5. Bg2 0-0 6. Nh3 d6 7. 0-0 c6 8. Qc2 Qb6 9. Rd1 e5 10. c5 Qc7 11. cxd6 Bxd6 12. dxe5 Bxe5 13. Bf4 Na6 14. Rac1 Qe7 15. Bxe5 Qxe5 16. Ng5 Qe7 17. Rd3 h6 18. Re3 Qd6 19. Qb3+ Nd5 20. Nxd5 cxd5 21. Bxd5+ Kh8 22. Nf7+ Rxf7 23. Bxf7 Bd7 24. Rd1 Qc7 25. Re7 Nc5 26. Qc3 1-0

[Event "SRB-chT quality"]
[Site "Belgrade"]
[Date "2010.10.16"]
[Round "3"]
[White "Milekic, Daniel"]
[Black "Brujic, Bozidar"]
[Result "1/2-1/2"]
[WhiteElo "2172"]
[BlackElo "2188"]
[PlyCount "74"]
[EventDate "2010.10.09"]
[EventType "team-tourn"]
[EventRounds "11"]
[EventCountry "YUG"]
[SourceTitle "EXT 2011"]
[Source "ChessBase"]
[SourceDate "2010.11.26"]
[SourceVersion "1"]
[SourceVersionDate "2010.11.26"]
[SourceQuality "1"]

1. d4 f5 2. Nf3 Nf6 3. g3 e6 4. Bg2 Be7 5. c4 0-0 6. 0-0 d6 7. Nc3 Nc6 8. d5 Na5 9. dxe6 Nxc4 10. Qd3 d5 11. Ng5 c6 12. Qxf5 Nd6 13. Qd3 h6 14. Nh3 Bxe6 15. Nf4 Bf5 16. Qd1 g5 17. Nd3 Nde4 18. Nxe4 dxe4 19. Qb3+ Nd5 20. Ne5 Qb6 21. Nc4 Qxb3 22. axb3 Bc5 23. Ne3 Bg6 24. Ra4 b5 25. Ra6 Nb4 26. Ra1 Rad8 27. Ng4 Kg7 28. Be3 Bxe3 29. Nxe3 Rf7 30. Rfd1 Rdf8 31. Rd4 c5 32. Rd6 h5 33. Nd5 Rc8 34. Rc1 Na2 35. Ra1 Nb4 36. Rc1 Na2 37. Ra1 Nb4 1/2-1/2

[Event "SRB-chT quality"]
[Site "Belgrade"]
[Date "2010.10.09"]
[Round "1"]
[White "Andrijevic, Milan"]
[Black "Brujic, Bozidar"]
[Result "1-0"]
[WhiteElo "2344"]
[BlackElo "2188"]
[PlyCount "111"]
[EventDate "2010.10.09"]
[EventType "team-tourn"]
[EventRounds "11"]
[EventCountry "YUG"]
[SourceTitle "EXT 2011"]
[Source "ChessBase"]
[SourceDate "2010.11.26"]
[SourceVersion "1"]
[SourceVersionDate "2010.11.26"]
[SourceQuality "1"]

1. e4 e5 2. Nf3 Nc6 3. Bb5 a6 4. Ba4 Nf6 5. 0-0 Be7 6. Re1 b5 7. Bb3 0-0 8. h3 Bb7 9. d3 d6 10. a3 Na5 11. Ba2 c5 12. Nbd2 Qc7 13. Nf1 Rfe8 14. Ng3 g6 15. Ng5 c4 16. Bd2 h6 17. Nf3 Bf8 18. Bxa5 Qxa5 19. dxc4 Rac8 20. cxb5 Qxb5 21. Rb1 Bc6 22. c4 Qb7 23. Nd2 h5 24. Qf3 Nh7 25. b4 Ng5 26. Qd3 Ne6 27. Nf3 Qe7 28. Rbd1 Nf4 29. Qb3 Qf6 30. Bb1 Bd7 31. Ne2 Nxe2+ 32. Rxe2 g5 33. Nh2 Rc7 34. Nf1 g4 35. hxg4 hxg4 36. Ne3 Qh4 37. Nd5 Re6 38. Qg3 Qxg3 39. fxg3 Rxc4 40. Rf1 Bb5 41. Bd3 f5 42. exf5 Rh6 43. a4 e4 44. Bxc4 Bxc4 45. Rd2 Bxf1 46. Kxf1 Kf7 47. Rc2 Bg7 48. Rc7+ Kf8 49. Ke2 Be5 50. Ke3 Rh8 51. Kxe4 Rh1 52. f6 Rf1 53. b5 axb5 54. axb5 Bxf6 55. b6 Bd8 56. Rc8 1-0

[Event "Belgrade-ch"]
[Site "Belgrade"]
[Date "2010.01.31"]
[Round "9"]
[White "Brujic, Bozidar"]
[Black "Pusonja, Nikola"]
[Result "1/2-1/2"]
[WhiteElo "2221"]
[BlackElo "1763"]
[PlyCount "127"]
[EventDate "2010.01.23"]
[EventType "swiss"]
[EventRounds "9"]
[EventCountry "YUG"]
[SourceTitle "CBM 134 Extra"]
[Source "ChessBase"]
[SourceDate "2010.03.03"]
[SourceVersion "1"]
[SourceVersionDate "2010.03.03"]
[SourceQuality "1"]

1. e4 c5 2. Nf3 e6 3. c4 a6 4. Nc3 Nc6 5. d4 cxd4 6. Nxd4 Bb4 7. a3 Bxc3+ 8. bxc3 Nge7 9. Qg4 Ng6 10. f4 Qh4+ 11. Qxh4 Nxh4 12. c5 0-0 13. Be3 Ng6 14. Nc2 Nge7 15. g4 b6 16. cxb6 d5 17. e5 Bb7 18. Nd4 Rac8 19. Kd2 Nxd4 20. Bxd4 Nc6 21. Bd3 Na5 22. Rab1 Nc4+ 23. Bxc4 Rxc4 24. Rb4 Rfc8 25. Rhb1 Kf8 26. f5 R8c6 27. f6 g6 28. Rg1 Rxb4 29. axb4 Rc8 30. Ra1 Ra8 31. Bc5+ Ke8 32. Ke3 Kd7 33. Kf4 Rh8 34. Rg1 h5 35. h3 Bc6 36. Bd6 Bb7 37. Ra1 hxg4 38. hxg4 Kc6 39. Ra5 Kxb6 40. Kg5 Bc6 41. Rc5 Rh1 42. c4 dxc4 43. Rxc4 Rh8 44. Rd4 Kb7 45. Be7 Kc7 46. Rd6 Bb5 47. Rxe6 fxe6 48. Kxg6 Be8+ 49. Kg7 Rh4 50. g5 Kd7 51. g6 Bxg6 52. Kxg6 Ke8 53. Kg5 Re4 54. Bd6 Kf7 55. Kh5 Rf4 56. Kg5 Rd4 57. Bc5 Rc4 58. Bd6 Rc6 59. Kf4 Rc1 60. Ke4 Rd1 61. Bc5 Rd5 62. Bd4 Rb5 63. Bc3 Rd5 64. Bd4 1/2-1/2

[Event "Belgrade-ch"]
[Site "Belgrade"]
[Date "2010.01.30"]
[Round "8"]
[White "Ratkovic, Miloje"]
[Black "Brujic, Bozidar"]
[Result "1-0"]
[WhiteElo "2066"]
[BlackElo "2221"]
[PlyCount "93"]
[EventDate "2010.01.23"]
[EventType "swiss"]
[EventRounds "9"]
[EventCountry "YUG"]
[SourceTitle "CBM 134 Extra"]
[Source "ChessBase"]
[SourceDate "2010.03.03"]
[SourceVersion "1"]
[SourceVersionDate "2010.03.03"]
[SourceQuality "1"]

1. d4 d5 2. Nf3 c6 3. c4 e6 4. Nc3 f5 5. Bf4 Nf6 6. e3 Ne4 7. Bd3 Bb4 8. Qb3 Qa5 9. Rc1 0-0 10. 0-0 Kh8 11. cxd5 exd5 12. Nb5 Na6 13. Nc7 Nxc7 14. Bxc7 Qxc7 15. Qxb4 Be6 16. Ne5 Rae8 17. Qe1 Qe7 18. b4 a6 19. a4 Nd6 20. Qe2 Bd7 21. b5 axb5 22. axb5 cxb5 23. Rc7 Rd8 24. Qf3 Qe6 25. Nxd7 Rxd7 26. Rxd7 Qxd7 27. Qxd5 Qc6 28. Qb3 Ra8 29. h3 g6 30. Rb1 Ra5 31. Qe6 Kg7 32. Qe7+ Nf7 33. Qb4 Qc7 34. Bxb5 Nd6 35. Bd3 Kf6 36. Qb2 Ke7 37. Rc1 Qd8 38. Qb4 Kf6 39. Qb2 Qe7 40. Rc5 Qd8 41. Qc3 Ra8 42. d5+ Kg5 43. Qg7 f4 44. exf4+ Kxf4 45. Rc4+ Ne4 46. g3+ Kg5 47. f4+ 1-0

[Event "Belgrade-ch"]
[Site "Belgrade"]
[Date "2010.01.26"]
[Round "4"]
[White "Nenezic, Marko"]
[Black "Brujic, Bozidar"]
[Result "1-0"]
[WhiteElo "2099"]
[BlackElo "2221"]
[PlyCount "81"]
[EventDate "2010.01.23"]
[EventType "swiss"]
[EventRounds "9"]
[EventCountry "YUG"]
[SourceTitle "CBM 134 Extra"]
[Source "ChessBase"]
[SourceDate "2010.03.03"]
[SourceVersion "1"]
[SourceVersionDate "2010.03.03"]
[SourceQuality "1"]

1. Nf3 Nf6 2. c4 g6 3. b4 Bg7 4. Bb2 0-0 5. g3 c6 6. Bg2 Qb6 7. Qb3 Na6 8. a3 d6 9. 0-0 e5 10. d3 Nc5 11. Qc2 Ne6 12. Nbd2 Nd7 13. Nb3 f5 14. Rab1 Qc7 15. a4 a6 16. Rfc1 g5 17. b5 g4 18. Nfd2 Nf6 19. bxc6 bxc6 20. Bc3 Bd7 21. Rb2 f4 22. Na5 fxg3 23. hxg3 Nc5 24. Rcb1 Ra7 25. Rb6 d5 26. d4 exd4 27. Bxd4 Ne6 28. Ba1 Ng5 29. Bxf6 Bxf6 30. e3 d4 31. Rb7 Rxb7 32. Rxb7 Qxa5 33. Rxd7 dxe3 34. fxe3 Qe5 35. Ne4 Bg7 36. Rd2 Re8 37. Nxg5 Qxe3+ 38. Rf2 Qxg5 39. Bxc6 Bd4 40. Bxe8 Qe5 41. Bf7+ 1-0

[Event "Belgrade op"]
[Site "Belgrade"]
[Date "2009.11.27"]
[Round "4"]
[White "Brujic, Bozidar"]
[Black "Sanchez Guirado, Francisco Javier"]
[Result "1-0"]
[WhiteElo "2215"]
[BlackElo "2393"]
[PlyCount "115"]
[EventDate "2009.11.24"]
[EventType "swiss"]
[EventRounds "9"]
[EventCountry "YUG"]
[SourceTitle "CBM 133 Extra"]
[Source "ChessBase"]
[SourceDate "2010.01.05"]
[SourceVersion "1"]
[SourceVersionDate "2010.01.05"]
[SourceQuality "1"]

1. e4 c6 2. d3 d5 3. Nd2 e5 4. Ngf3 Bd6 5. c3 Ne7 6. d4 exd4 7. Nxd4 0-0 8. Be2 Ng6 9. exd5 Nf4 10. 0-0 cxd5 11. Bf3 Qg5 12. N2b3 Nc6 13. Kh1 Qg6 14. g3 Ne6 15. Bxd5 Nexd4 16. Nxd4 Bg4 17. Bf3 Ne5 18. Bxg4 Nxg4 19. h3 Nf6 20. Kg2 Rfe8 21. Qf3 Rad8 22. Qf5 Qxf5 23. Nxf5 Bc5 24. Bg5 Rd5 25. g4 Ne4 26. Bf4 g6 27. Ne3 Rd2 28. Nd1 Re2 29. b4 Bb6 30. a4 g5 31. Bc1 a6 32. a5 Ba7 33. Rb1 Re5 34. c4 f5 35. Rb2 Nd6 36. c5 Nf7 37. Rxe2 Rxe2 38. gxf5 Re4 39. Bd2 g4 40. hxg4 Rxg4+ 41. Kf3 Ne5+ 42. Ke2 Nc6 43. f3 Rh4 44. Rg1+ Kf8 45. Rg4 Nd4+ 46. Kd3 Nxf3 47. Rxh4 Nxh4 48. Ke4 Bb8 49. Ne3 Kf7 50. Be1 Ng6 51. fxg6+ Kxg6 52. Nf5 Kf6 53. Nd6 Bxd6 54. cxd6 Ke6 55. Bg3 h5 56. Kd4 h4 57. Bh2 h3 58. Be5 1-0

[Event "Belgrade-chT"]
[Site "Belgrade"]
[Date "2009.10.08"]
[Round "5"]
[White "Milicevic I, Predrag"]
[Black "Brujic, Bozidar"]
[Result "0-1"]
[WhiteElo "2191"]
[BlackElo "2215"]
[PlyCount "112"]
[EventDate "2009.10.04"]
[EventType "team-tourn"]
[EventRounds "9"]
[EventCountry "YUG"]
[SourceTitle "CBM 132 Extra"]
[Source "ChessBase"]
[SourceDate "2009.11.03"]
[SourceVersion "1"]
[SourceVersionDate "2009.11.03"]
[SourceQuality "1"]

1. e4 e5 2. Nf3 Nc6 3. Bb5 a6 4. Ba4 Nf6 5. 0-0 Be7 6. Bxc6 dxc6 7. d3 Nd7 8. Nbd2 0-0 9. Nc4 f6 10. a4 Nc5 11. Nh4 g6 12. Nf3 Ne6 13. Bh6 Rf7 14. Nfxe5 fxe5 15. Nxe5 Rf8 16. Bxf8 Bxf8 17. Nf3 c5 18. c3 Bg7 19. Qd2 Qf6 20. Ne1 Nf4 21. Kh1 g5 22. f3 Be6 23. g3 Ng6 24. Qf2 b6 25. f4 gxf4 26. gxf4 Bh3 27. Ng2 Rf8 28. f5 Ne5 29. Qg3 Qh6 30. Rg1 Rd8 31. f6 Bxg2+ 32. Rxg2 Qxf6 33. Rag1 Rd7 34. d4 cxd4 35. cxd4 Ng6 36. e5 Qc6 37. Qg4 Qd5 38. h4 Qxd4 39. h5 Qxg4 40. Rxg4 Nxe5 41. Re4 Kf7 42. Rxg7+ Kxg7 43. Rxe5 Kf6 44. Re3 Rd1+ 45. Kg2 Rd2+ 46. Kg3 Rxb2 47. a5 Rb5 48. axb6 cxb6 49. Kh4 Rb4+ 50. Kg3 a5 51. Re8 Kg5 52. Re5+ Kh6 53. Re7 a4 54. Ra7 b5 55. Rb7 a3 56. Ra7 Ra4 0-1

[Event "Belgrade Summer op"]
[Site "Belgrade"]
[Date "2009.06.03"]
[Round "2"]
[White "Brujic, Bozidar"]
[Black "Radlovacki, Jovan"]
[Result "1-0"]
[WhiteElo "2157"]
[BlackElo "2387"]
[PlyCount "99"]
[EventDate "2009.06.02"]
[EventType "swiss"]
[EventRounds "9"]
[EventCountry "SRB"]
[SourceTitle "EXT 2019"]
[Source "ChessBase"]
[SourceDate "2018.10.10"]
[SourceVersion "1"]
[SourceVersionDate "2018.10.10"]
[SourceQuality "1"]

1. e4 d5 2. exd5 Qxd5 3. Nc3 Qd6 4. d4 Nf6 5. Nf3 a6 6. g3 Bg4 7. h3 Bh5 8. Be2 Nc6 9. Bf4 Qd8 10. g4 Bg6 11. g5 Ne4 12. Nxe4 Bxe4 13. c3 e6 14. Rg1 Bd6 15. Qd2 Qe7 16. Qe3 Bf5 17. h4 0-0-0 18. 0-0-0 Rhe8 19. Nd2 Qd7 20. Bxd6 Qxd6 21. Nc4 Qd5 22. b3 Kb8 23. Bf3 Qd7 24. Kb2 f6 25. gxf6 gxf6 26. Qh6 Rf8 27. Rg7 Ne7 28. Na5 Ng8 29. Rxd7 Nxh6 30. Rxd8+ Rxd8 31. Nxb7 Rg8 32. Nc5 Bg4 33. Bxg4 Rxg4 34. Nd7+ Kc8 35. Nxf6 Rxh4 36. Re1 Nf7 37. Rxe6 Nd6 38. Re7 Rh2 39. Nxh7 Rxf2+ 40. Ka3 Nb5+ 41. Kb4 Rf3 42. Ng5 Rxc3 43. a4 Rg3 44. Ne6 Na7 45. Rxc7+ Kb8 46. d5 Nc8 47. Rd7 a5+ 48. Kxa5 Rxb3 49. Nd4 Nb6 50. Rd8+ 1-0

[Event "Belgrade Spring op"]
[Site "Belgrade"]
[Date "2009.03.22"]
[Round "2"]
[White "Vucinic, Gojko"]
[Black "Brujic, Bozidar"]
[Result "0-1"]
[WhiteElo "1966"]
[BlackElo "2194"]
[PlyCount "44"]
[EventDate "2009.03.21"]
[EventType "swiss"]
[EventRounds "9"]
[EventCountry "YUG"]
[SourceTitle "CBM 129 Extra"]
[Source "ChessBase"]
[SourceDate "2009.05.05"]
[SourceVersion "2"]
[SourceVersionDate "2009.05.20"]
[SourceQuality "1"]

1. e4 e5 2. Nf3 Nc6 3. Bc4 Nf6 4. Ng5 d5 5. exd5 b5 6. Bf1 Nxd5 7. Bxb5 Bd7 8. d3 Be7 9. Nf3 0-0 10. 0-0 Bd6 11. Bd2 a6 12. Bc4 Nb6 13. Bg5 Qe8 14. Bb3 Kh8 15. Nc3 f5 16. Bd2 Qg6 17. Nh4 Qf6 18. Nf3 Nd4 19. Nxd4 exd4 20. Nd5 Nxd5 21. Bxd5 Qe5 22. Bf4 Qxd5 0-1

[Event "Belgrade-ch"]
[Site "Belgrade"]
[Date "2009.02.01"]
[Round "9"]
[White "Brujic, Bozidar"]
[Black "Petkovic, Slobodan"]
[Result "0-1"]
[WhiteElo "2194"]
[BlackElo "2093"]
[PlyCount "80"]
[EventDate "2009.01.24"]
[EventType "swiss"]
[EventRounds "9"]
[EventCountry "YUG"]
[SourceTitle "CBM 128 Extra"]
[Source "ChessBase"]
[SourceDate "2009.03.05"]
[SourceVersion "2"]
[SourceVersionDate "2009.03.25"]
[SourceQuality "1"]

1. e4 e6 2. d4 d5 3. Nd2 Nf6 4. e5 Nfd7 5. Bd3 c5 6. c3 Nc6 7. Ne2 cxd4 8. cxd4 Qb6 9. Nf3 Bb4+ 10. Bd2 Bxd2+ 11. Qxd2 Qb4 12. Rc1 Qxd2+ 13. Nxd2 0-0 14. f4 f6 15. 0-0 Nb6 16. Rf3 Bd7 17. Rh3 h6 18. g4 Rac8 19. exf6 Nxd4 20. Re1 Nxe2+ 21. Rxe2 Rxf6 22. g5 Rc1+ 23. Kg2 Rxf4 24. gxh6 e5 25. h7+ Kh8 26. Rxe5 Bxh3+ 27. Kxh3 Rf8 28. Nb3 Rcc8 29. Kg4 Nc4 30. Rg5 Rce8 31. Kh5 Re5 32. Nc5 Rxg5+ 33. Kxg5 Nxb2 34. Bg6 d4 35. Nd7 Rf2 36. Ne5 d3 37. Bf5 Rxf5+ 38. Kxf5 Kxh7 39. Nf3 Nc4 40. Ng5+ Kg8 0-1

[Event "Belgrade-ch"]
[Site "Belgrade"]
[Date "2009.01.29"]
[Round "6"]
[White "Brujic, Bozidar"]
[Black "Andrejic, Vladica"]
[Result "1-0"]
[WhiteElo "2194"]
[BlackElo "2275"]
[PlyCount "99"]
[EventDate "2009.01.24"]
[EventType "swiss"]
[EventRounds "9"]
[EventCountry "YUG"]
[SourceTitle "CBM 128 Extra"]
[Source "ChessBase"]
[SourceDate "2009.03.05"]
[SourceVersion "2"]
[SourceVersionDate "2009.03.25"]
[SourceQuality "1"]

1. d4 Nf6 2. c4 e5 3. dxe5 Ng4 4. Nf3 Bc5 5. e3 Nc6 6. a3 a5 7. Nc3 0-0 8. Bd3 Ngxe5 9. Nxe5 Nxe5 10. Bxh7+ Kxh7 11. Qh5+ Kg8 12. Qxe5 d6 13. Qf4 Re8 14. Ne4 Bb6 15. Bd2 d5 16. cxd5 Qxd5 17. f3 Bf5 18. Nc3 Qd3 19. Rd1 Bxe3 20. Bxe3 Qxe3+ 21. Qxe3 Rxe3+ 22. Kf2 Rae8 23. Rd2 R3e5 24. g4 Be6 25. f4 Rc5 26. Re1 Kf8 27. f5 Bb3 28. Re3 Rxe3 29. Kxe3 Ke7 30. h4 b5 31. Rd4 c6 32. Kf4 Rc4 33. Rxc4 Bxc4 34. b4 axb4 35. axb4 Kd6 36. Ne4+ Kd5 37. h5 Bd3 38. Nf6+ Kc4 39. g5 Kxb4 40. h6 gxf6 41. h7 fxg5+ 42. Kxg5 c5 43. h8Q Kb3 44. Qf8 c4 45. Qxf7 b4 46. f6 Kb2 47. Qe7 b3 48. f7 c3 49. f8Q c2 50. Qa3+ 1-0

[Event "Belgrade-ch"]
[Site "Belgrade"]
[Date "2009.01.28"]
[Round "5"]
[White "Mladenovic, Aleksandar"]
[Black "Brujic, Bozidar"]
[Result "0-1"]
[WhiteElo "1657"]
[BlackElo "2194"]
[PlyCount "26"]
[EventDate "2009.01.24"]
[EventType "swiss"]
[EventRounds "9"]
[EventCountry "YUG"]
[SourceTitle "CBM 128 Extra"]
[Source "ChessBase"]
[SourceDate "2009.03.05"]
[SourceVersion "2"]
[SourceVersionDate "2009.03.25"]
[SourceQuality "1"]

1. d4 d5 2. c4 e6 3. Nc3 f5 4. Nf3 Nf6 5. g3 c6 6. Bg2 Bd6 7. b3 Ne4 8. Nxe4 fxe4 9. Bg5 Bb4+ 10. Kf1 Be7 11. Bxe7 Qxe7 12. Ne5 Nd7 13. Nxd7 Bxd7 0-1